[Event "2nd Borloy Androvitzky Karoly GM Memoria"]
[Site "Budapest"]
[Date "2011.07.10"]
[Round "8.3"]
[White "Feher, Adam"]
[Black "Szabo, Bence"]
[Result "1/2-1/2"]
[WhiteElo "2323"]
[BlackElo "2362"]
[PlyCount "101"]
[EventDate "2011.07.02"]

1. e4 c5 2. Nf3 d6 3. d4 cxd4 4. Nxd4 Nf6 5. Nc3 Nc6 6. Bg5 e6 7. Qd2 a6 8.
O-O-O Bd7 9. f4 h6 10. Bh4 g5 11. fxg5 Ng4 12. Be2 Nge5 13. Nxc6 Bxc6 14. g3
Ng6 15. Kb1 h5 16. Rhf1 Qb6 17. Bc4 Qc5 18. Bb3 Rd8 19. Qe2 Be7 20. Rde1 Rh7
21. a3 Rd7 22. Qd2 Rc7 23. Na2 a5 24. Nc1 a4 25. Ba2 Ne5 26. g6 Nxg6 27. Bxe7
Rxe7 28. Rf3 Bb5 29. Rc3 Qe5 30. Nd3 Qd4 31. Qg5 Bxd3 32. Rxd3 Qe5 33. Qd2 Rd7
34. Qb4 h4 35. Bc4 Rh5 36. Qxa4 hxg3 37. hxg3 b5 38. Qa8+ Ke7 39. Bb3 Rg5 40.
Ree3 Qf6 41. Rc3 Qf1+ 42. Ka2 Ne5 43. Qa5 Rh5 44. a4 Rh1 45. Ka3 Qa1+ 46. Ba2
Nc4+ 47. Rxc4 bxc4 48. Qg5+ Kf8 49. Qb5 Ke7 50. Qg5+ Kf8 51. Qb5 1/2-1/2

[Event "2nd Borloy Androvitzky Karoly GM Memoria"]
[Site "Budapest"]
[Date "2011.07.10"]
[Round "8.4"]
[White "Mihok, Oliver"]
[Black "Vajda, Levente"]
[Result "0-1"]
[WhiteElo "2457"]
[BlackElo "2504"]
[PlyCount "136"]
[EventDate "2011.07.02"]

1. e4 e5 2. Nf3 Nc6 3. Bb5 a6 4. Ba4 Nf6 5. O-O Be7 6. Re1 b5 7. Bb3 d6 8. c3
O-O 9. h3 Nb8 10. d4 Nbd7 11. Nbd2 Bb7 12. Bc2 Re8 13. Nf1 Bf8 14. Ng3 g6 15.
a4 Rb8 16. b3 Bg7 17. d5 Nb6 18. a5 Nc8 19. c4 c6 20. Be3 b4 21. dxc6 Bxc6 22.
Re2 Nd7 23. Bd2 Nc5 24. Qe1 Ne6 25. Bxb4 h5 26. Rd1 h4 27. Nf1 Nf4 28. Re3 Qf6
29. N1h2 Bd7 30. Qd2 Bf8 31. Ng4 Bxg4 32. hxg4 Qe6 33. Nh2 Na7 34. Bc3 Nc6 35.
g3 hxg3 36. fxg3 Nh3+ 37. Kg2 Ng5 38. Qd5 Nb4 39. Qd2 Nxc2 40. Qxc2 Be7 41.
Ree1 Kg7 42. Bd2 Rh8 43. Rh1 Nh7 44. Nf3 Qxg4 45. Bh6+ Kg8 46. Be3 Nf6 47.
Rxh8+ Kxh8 48. Rh1+ Nh5 49. Rh3 Kg8 50. Nh2 Qd7 51. g4 Ng7 52. Kf1 Qb7 53. Bd2
Ne6 54. b4 Bg5 55. Bc3 Nf4 56. Rg3 Qc6 57. Bd2 Ne6 58. Nf3 Bxd2 59. Nxd2 Rxb4
60. Rb3 Nd4 61. Qc3 Nxb3 62. Qxb4 Nxd2+ 63. Qxd2 Qxc4+ 64. Kf2 Qd4+ 65. Qxd4
exd4 66. Ke2 f6 67. Kd3 Kf7 68. Kxd4 Ke6 0-1

[Event "2nd Borloy Androvitzky Karoly GM Memoria"]
[Site "Budapest"]
[Date "2011.07.10"]
[Round "8.5"]
[White "Balazs, Gabor"]
[Black "Varga, Zoltan"]
[Result "1/2-1/2"]
[WhiteElo "2383"]
[BlackElo "2483"]
[PlyCount "34"]
[EventDate "2011.07.02"]

1. d4 d5 2. c4 c6 3. Nf3 Nf6 4. cxd5 cxd5 5. Nc3 Nc6 6. Bf4 Bg4 7. e3 Bxf3 8.
Qxf3 e6 9. Bd3 h6 10. O-O Bd6 11. Rac1 Bxf4 12. Qxf4 O-O 13. Rfd1 Rc8 14. h3
Qe7 15. a3 a5 16. h4 Kh8 17. g4 Nd7 1/2-1/2

[Event "2nd Borloy Androvitzky Karoly GM Memoria"]
[Site "Budapest"]
[Date "2011.07.11"]
[Round "9.1"]
[White "Varga, Zoltan"]
[Black "Szablowski, Pawel"]
[Result "1/2-1/2"]
[WhiteElo "2483"]
[BlackElo "2433"]
[PlyCount "131"]
[EventDate "2011.07.02"]

1. e4 e6 2. d4 d5 3. exd5 exd5 4. Nf3 Nc6 5. Bb5 Nge7 6. O-O a6 7. Ba4 b5 8.
Bb3 g6 9. a4 b4 10. c3 Bg7 11. h3 O-O 12. Bf4 Rb8 13. Nbd2 bxc3 14. bxc3 Na5
15. Re1 Be6 16. Bc2 Rb6 17. Rb1 Rxb1 18. Qxb1 c5 19. dxc5 Bxc3 20. Bd6 Nc4 21.
Bf4 Nc6 22. Rd1 Nb2 23. Rc1 Bg7 24. Re1 Qa5 25. Nb3 Qb4 26. Bd2 Qc4 27. Ng5 Bd7
28. Rc1 Qxa4 29. Be3 Qb5 30. Nf3 Rb8 31. Nbd4 Nxd4 32. Nxd4 Bxd4 33. Bxd4 Nc4
34. Qa1 Qa5 35. Qxa5 Nxa5 36. Re1 Nc6 37. Bf6 Nb4 38. Bd1 Bb5 39. Bf3 {
after 29 move} 39... Bc6 40. Re5 h5 41. g4 hxg4 42. Bxg4 Rb5 43. Re3 Rxc5 44.
Bf3 d4 45. Bxd4 Rg5+ 46. Bg4 Nc2 47. Bf6 Nxe3 48. Bxg5 Nxg4 49. hxg4 Bf3 50.
Bf6 Bxg4 51. f4 Kf8 52. Kf2 Ke8 53. Ke3 Kd7 54. Kd3 Ke6 55. Bc3 Kd5 56. Bd2
Bf5+ 57. Kc3 Ke4 58. Kb3 Kd3 59. Ba5 Be6+ 60. Kb4 Ke4 61. Bc7 f6 62. Bd8 Kf5
63. Kc5 Kxf4 64. Bxf6 g5 65. Bxg5+ Kxg5 66. Kd4 1/2-1/2

[Event "2nd Borloy Androvitzky Karoly GM Memoria"]
[Site "Budapest"]
[Date "2011.07.11"]
[Round "9.2"]
[White "Vajda, Levente"]
[Black "Balazs, Gabor"]
[Result "1-0"]
[WhiteElo "2504"]
[BlackElo "2383"]
[PlyCount "79"]
[EventDate "2011.07.02"]

1. e4 c5 2. c3 d5 3. exd5 Qxd5 4. d4 Nf6 5. Nf3 e6 6. Bd3 Be7 7. O-O O-O 8. Qe2
Nc6 9. dxc5 Qxc5 10. Bg5 h6 11. Bxf6 Bxf6 12. Nbd2 Rd8 13. Ne4 Qe7 14. Rad1 Bd7
15. Nxf6+ Qxf6 16. Qe4 Be8 17. Qh7+ Kf8 18. Rde1 Rd5 19. Be4 Rh5 20. Re3 Rd8
21. b4 Ke7 22. g4 Re5 23. Rfe1 g6 24. g5 hxg5 25. Nxe5 Nxe5 26. Bxb7 Bc6 27.
Bxc6 Nxc6 28. Rxe6+ Qxe6 29. Rxe6+ Kxe6 30. Qh3+ f5 31. Qe3+ Ne5 32. h3 Rd7 33.
b5 f4 34. Qc5 Rd1+ 35. Kg2 f3+ 36. Kh2 Rf1 37. Qxa7 g4 38. hxg4 Nxg4+ 39. Kg3
Ne5 40. Kf4 1-0

[Event "2nd Borloy Androvitzky Karoly GM Memoria"]
[Site "Budapest"]
[Date "2011.07.11"]
[Round "9.3"]
[White "Szabo, Bence"]
[Black "Mihok, Oliver"]
[Result "1/2-1/2"]
[WhiteElo "2362"]
[BlackElo "2457"]
[PlyCount "98"]
[EventDate "2011.07.02"]

1. Nf3 g6 2. c4 Bg7 3. e4 c5 4. d4 cxd4 5. Nxd4 Qb6 6. Nb3 Nc6 7. Be2 d6 8. O-O
Qc7 9. Nc3 Bxc3 10. bxc3 Nf6 11. f3 b6 12. Bh6 Rg8 13. Bg5 Nd7 14. Qe1 Bb7 15.
a4 Na5 16. Nxa5 Qc5+ 17. Kh1 Qxa5 18. Be3 Rc8 19. Bd4 Ba6 20. Qd2 Bxc4 21. Bxc4
Rxc4 22. Qa2 Rc8 23. Rfb1 e5 24. Rb5 Qa6 25. Bf2 Ke7 26. Qd5 Nf6 27. Qd3 Qb7
28. a5 Nd7 29. Rd1 Rc6 30. Bh4+ g5 31. Bf2 Qc7 32. axb6 axb6 33. Be1 Ra8 34.
Qd2 h6 35. h4 f6 36. Qd5 Rc8 37. Rbb1 Nc5 38. Ra1 Ne6 39. Ra2 Rc5 40. Qb3 Ra5
41. Rad2 Nc5 42. Qd5 Rd8 43. g3 Na4 44. Qd3 Qxc3 45. Qf1 Raa8 46. hxg5 fxg5 47.
Rxd6 Qb3 48. R6d5 Rxd5 49. Rxd5 Rd8 1/2-1/2

[Event "2nd Borloy Androvitzky Karoly GM Memoria"]
[Site "Budapest"]
[Date "2011.07.11"]
[Round "9.5"]
[White "Blasko, Istvan"]
[Black "Gavrilov, Alexei"]
[Result "1/2-1/2"]
[WhiteElo "2347"]
[BlackElo "2481"]
[PlyCount "113"]
[EventDate "2011.07.02"]

1. d4 Nf6 2. c4 e6 3. Nf3 b6 4. a3 Ba6 5. Qc2 Bb7 6. Nc3 c5 7. e4 cxd4 8. Nxd4
Bc5 9. Nb3 Nc6 10. Bd3 O-O 11. O-O h6 12. Qe2 e5 13. Kh1 Re8 14. Nd5 Nd4 15.
Nxd4 Bxd4 16. Be3 d6 17. f3 Bxe3 18. Nxf6+ Qxf6 19. Qxe3 Qg5 20. Qf2 Rab8 21.
Rfd1 Red8 22. Rd2 Bc6 23. Rad1 Qe7 24. Qe2 a6 25. g3 b5 26. cxb5 axb5 27. Rc1
Rb6 28. Rdc2 Qb7 29. Kg2 d5 30. Rc5 b4 31. axb4 dxe4 32. fxe4 f5 33. b5 Bxe4+
34. Bxe4 fxe4 35. Rxe5 e3+ 36. Kg1 Rd2 37. Qc4+ Kh7 38. Qe4+ Qxe4 39. Rxe4 Rxb5
40. b4 Rf5 41. Rf1 Rxf1+ 42. Kxf1 Rxh2 43. Rxe3 Rb2 44. Re4 Kg6 45. Rc4 Kf5 46.
Kg1 Ke5 47. Kf1 g6 48. Rc6 g5 49. Rxh6 Kf5 50. Rh8 Kg4 51. Rb8 Kf3 52. Ke1 g4
53. b5 Kxg3 54. b6 Kg2 55. b7 g3 56. Kd1 Kg1 57. Rg8 1/2-1/2